000 00312nam a2200121Ia 4500
008 240731s9999 xx 000 0 und d
022 _a1468-2699
245 0 _aSurvival : Global Politics and Strategy
260 _bRoutledge
856 _uhttps://www.tandfonline.com/loi/tsur20
942 _2ddc
942 _cTFEJ
999 _c79625
_d79625
945 _a1
_bMadushi Gamage
_c1
_dMadushi Gamage